000 00664nam a2200229 4500
001 116072
003 ES-MaACL
005 20240201133418.0
007 t|
008 061121s1984 sp r ||||1| spa d
020 _a84-85641-47-7
100 1 _aParís, Carlos,
_d1925-2014
_989133
245 1 0 _aCrítica de la civilización nuclear /
_cCarlos París.
260 _aMadrid :
_bEdic. Libertarias,
_cD.L. 1984.
300 _a334 p. ;
_c20 cm.
490 1 _aColección pluma rota ;
_v8
500 _aIndice.
830 0 _aColección pluma rota ;
_v8
_9233295
852 _aES-MaACL
_jL-8612
_bR.108670
942 _2udc
999 _c116072
_d116072